000 00603nam a22001937a 4500
003 SEACOMMC
005 20231109075044.0
008 231109b |||||||| |||| 00| 0 eng d
020 _cRs. 175.00
040 _aSEACOMMC
082 _a621.3815324
_bIRE
100 1 _aIreichler, John R.
245 1 _aTheory and design of adaptive filters
_cJohn R. Ireichler, C. Richard Johnson and Michael G. Larimore
260 _aNew Delhi
_bPrentice-Hall
_c2002
650 _aEngineering
_vElectronics, communications engineering
700 1 _aJohnson, C. Richard
700 1 _aLarimore, Michael G.
942 _cBOOK
999 _c319
_d319